000 00496nam a2200205Ia 4500
005 20240724095817.0
008 131103s9999 xx 000 0 und d
020 _a0 340 11633 1
040 _aLoreto College
041 _aEnglish
082 _a821
_bSWE
100 _aSweeney, Marie L.
245 _aWorld of challenge 2
_cMarie L.Sweeney
260 _aLondon
_bHodder
_c1971
300 _a94p
504 _aIncludes index
650 _aEnglish poetry
850 _aLCBED
942 _cBK
999 _c29469
_d79948